Welcome to the Holygrace Academy Library

Please use search bar below to get started

PROGRAMMING WITH JAVA (Record no. 1667)

MARC details
000 -LEADER
fixed length control field 00362nam a22001457a 4500
020 ## - INTERNATIONAL STANDARD BOOK NUMBER
ISBN 978-0-07-061713-1
082 ## - DEWEY DECIMAL CLASSIFICATION NUMBER
Classification number 004
Item number BAL/P
100 ## - MAIN ENTRY--AUTHOR NAME
Personal name BALAGURUSAMY, E
245 ## - TITLE STATEMENT
Title PROGRAMMING WITH JAVA
Remainder of title A PRIMER
250 ## - EDITION STATEMENT
Edition statement TWELFTH REPRINT
260 ## - PUBLICATION, DISTRIBUTION, ETC. (IMPRINT)
Place of publication DELHI
Name of publisher TATA McGRAW HILL
Year of publication 2009
300 ## - PHYSICAL DESCRIPTION
Number of Pages 490
650 ## - SUBJECT ADDED ENTRY--TOPICAL TERM
Topical Term COMPUTER SCIENCE REFERENCE
Geographic subdivision INDIA
942 ## - ADDED ENTRY ELEMENTS (KOHA)
Koha item type Books
Holdings
Withdrawn status Lost status Collection code Home library Current library Shelving location Date acquired Source of acquisition Full call number Accession Number Koha item type
    Reference Main Library Main Library SHELF-5- I - REFERENCE ECONOMICS COMPUTER SCIENCE 19/01/2010 purchase 004 BAL/P 04882 Books